Význam PZI vo vzťahu ku zvyšovaniu konkurencieschopnosti ekonomiky SR diplomová práca

Enregistré dans:
Détails bibliographiques
Auteur principal: Jarošová, Katarína
Collectivité auteur: Podnikovohospodárska fakulta EU so sídlom v Košiciach. Katedra manažmentu
Autres auteurs: Demjanová, Lucia, 1981-
Format: Livre
Langue:slovaque
Publié: Košice 2011
Tags: Ajouter un tag
Pas de tags, Soyez le premier à ajouter un tag!

MARC

LEADER 00000nbm a2200000 4500
001 0139060
005 20161109101903.5
041 0 |a slo 
044 |a SK 
245 1 0 |a Význam PZI vo vzťahu ku zvyšovaniu konkurencieschopnosti ekonomiky SR  |b diplomová práca  |c Katarína Jarošová ; školiteľ: Lucia Demjanová 
264 1 |a Košice  |c 2011 
300 |a 91 s. 
100 1 |a Jarošová, Katarína 
700 1 |a Demjanová, Lucia, 1981- 
710 2 |a Podnikovohospodárska fakulta EU so sídlom v Košiciach. Katedra manažmentu